| 000 | 01532 a2200229 4500 | ||
|---|---|---|---|
| 003 | Nust | ||
| 005 | 20220803115650.0 | ||
| 010 | _a 2004041370 | ||
| 020 | _a0849320313 (alk. paper) | ||
| 040 | _cNust | ||
| 082 | 0 | 0 | _a621.3136,SIM |
| 100 | 1 |
_aSimoes, M. Godoy. _996397 |
|
| 245 | 1 | 0 |
_aRenewable Energy Systems : _bDesign and Analysis with Induction Generators / _cM. Godoy Simoes, Felix A. Farret. |
| 260 |
_aBoca Raton, FL : _bCRC Press, _c2004. |
||
| 300 |
_a358 p. : _bill. ; _c24 cm. |
||
| 440 | 0 |
_aPower electronics and applications series _983246 |
|
| 505 | _aPrinciples of alternative sources of energy and electric generation (Page-1), Steady-state model of the induction generator (Page-19), Transient model of the induction generator (Page-43), Self-excited induction generator (Page-69), Characteristics of the induction generator (Page-89), Construction features of the induction generator (Page-113), Power electronics for interfacing induction generators (Page-131), Scalar control for induction generators (Page-169), Vector control for induction generators (Page-179), Optimized control for Induction Generation (Page-197), Wound-Rotor introduction generator system (Page-237), Simulation tools for the induction generator (Page-257), Economics of induction generator-based renewable systems (Page-299). | ||
| 650 | 0 | _aTelecommunication Engineering | |
| 700 | 1 |
_aFarret, Felix A. _996398 |
|
| 856 | 4 | 2 |
_3Publisher description _uhttp://www.loc.gov/catdir/enhancements/fy0646/2004041370-d.html |
| 942 |
_cREF _2ddc |
||
| 999 |
_c175531 _d175531 |
||